| 000 | 00345nam a2200133Ia 4500 | ||
|---|---|---|---|
| 008 | 240624s9999 xx 000 0 und d | ||
| 041 | _aeng | ||
| 082 | _a658.5 HAN | ||
| 100 | _aHANNA MARK D | ||
| 245 | _aINTEGRATED OPERATIONS MANAGEMENT ADDING | ||
| 260 |
_c2002 _aNew Delhi _bPrentice-Hall |
||
| 300 | _axxii, : 753 : p. : cm. ; 26 | ||
| 365 | _cRS | ||
| 999 |
_c371 _d371 |
||